000 00550nam a2200181Ia 4500
001 20418
005 20260306172805.0
008 260306t2014||||xx |||||||||||||| ||spa||
041 _aESP
082 _a343.2J
_bE386
100 _aEto Cruz, Gerardo
_eAUT
245 0 _aTipos de amparo en la jurisprudencia del tribunal constitucional:
_bpor materia, titulares del derecho, origen del acto lesivo y efectos de sus sentencias
260 _c2014
300 _a311 páginas :
_c24 cm.
650 _aGEN
654 _aCDE
942 _cLIB
_dJUS
_fJUS
_2ddc
_n
999 _c20418
_d20418